000 00571pam a2200205 a 4500
020 _a0824793463 (cloth : alk. paper)
020 _a0824796918 (paper : alk. paper)
040 _cDLC
082 0 0 _a664 FEN 1996
245 0 0 _aFood chemistry /
250 _a3rd ed.
260 _aNew York :
_bMarcel Dekker,
_cc1996.
300 _axii, 1069 p. :
_bill. ;
_c26 cm.
490 1 _aFood science and technology
650 0 _aFood
650 0 _aFood
700 1 _aFennema, Owen R.
856 4 2 _uhttp://www.loc.gov/catdir/enhancements/fy0647/96019500-d.html
942 _cEK
999 _c11262
_d11262